00606nam a2200181Ia 4500003000900000008004100009040001600050080001600066100003200082245005300114260005100167300000900218650003500227650002600262942000700288999001500295952011400310IN-BaIIA211028s9999 xx 000 0 eng d cIIA Library a658.31bAGA aAgarwala, Prasad Beni97320 4aThe minimum wages act 1948cPrasad Beni Agarwala aAllahabadbRam Narainlal Beni Prasad Lawc1973 a44p. aCentral Government Rules97081 aOthers Thesaurus9637 cBK c4158d4158 00104070aBANbKODcGENd1973-04-17g1.75l0o658.31/ AGAp4641r2021-11-05v1.75w1973-04-17yBKGRs. 1.75